| 000 | 00454nam a2200181Ia 4500 | ||
|---|---|---|---|
| 001 | 2391 | ||
| 005 | 20260306144803.0 | ||
| 008 | 260306t2017||||xx |||||||||||||| ||spa|| | ||
| 041 | _aESP | ||
| 082 |
_a616.89 _bE347 |
||
| 100 |
_aEiroá Orosa, Francisco José _eAUT |
||
| 245 | 0 | _aLa formulación de casos en psicología clínica | |
| 260 | _c2017 | ||
| 300 |
_a218 páginas : _c24 cm. |
||
| 650 | _aGEN | ||
| 654 | _aCPS | ||
| 942 |
_cLIB _dJUS _fJUS _2ddc _n |
||
| 999 |
_c2391 _d2391 |
||